000 00294cam a2200109ua 4500
082 _a425
_bWOO/RE
100 _aWood, Frederick T .
_91669
245 _aRemedial English Grammar for Foriegn Students /
260 _aLondon :
_bMacmillan Education Ltd. ,
_c1971.
300 _a213 ; .
942 _cBK
999 _c8648
_d8648